00800 2200241 4500001002100000005001700021008004100038035002400079082001300103090001800116245015100134260006000285300002200345500002800367650005200395650003500447700001500482700001400497850001500511980001100526985000600537999001500543YOGYA-0209000000599120090227020846.0 ind  0010-020900000005991 a181.1622 a181.1622bPen aPenelitian Organisasi Penghayat Kepercayaan Terhadap Tuhan Yang Maha Esa Daerah Istimewa Yogyakartacpenyusun Suharyabto...(et,al);editor Swasi HP aJakartabDepartemen Pendidikan dan kebudayaanc1993/194 a...jilid vc21 cm aYang diterima : jilid v aAliran Kepercayaan - Daerah Istimewa Yogyakarta aYogyakartaxAliran Kepercayaan aSuharyanto aSuradi HP aYOPDYOG(B) a300605 a1 a95A0022646